Constitución Política de la República de Chile.

Guardado en:
Detalles Bibliográficos
Autor principal: Bronfman Vargas, Alan Julio (autor)
Otros Autores: Martínez Estay, José Ignacio (autor)
Formato: Libro
Publicado: Santiago, Chile: Thomson Reuters, 2024.
Edición:Vigésima Cuarta Edición.
Colección:Colección 2024.
Materias:
Etiquetas: Agregar Etiqueta
Sin Etiquetas, Sea el primero en etiquetar este registro!

MARC

LEADER 00000nam a22000007a 4500
003 CL-VaPUC
005 20240807163631.0
008 240319t2024 ||||| |||| 00| 0 eng d
999 |c 443252  |d 443250 
020 |a 978-956-400-426-6 
040 |c Pontificia Universidad Católica de Valparaíso 
082 7 |a 342.83 BRO 2024  |2 22 
100 |a Bronfman Vargas, Alan Julio  |e autor  |9 814208 
245 1 |a Constitución Política de la República de Chile. 
250 |a Vigésima Cuarta Edición.  
260 |a Santiago, Chile:   |b Thomson Reuters,   |c 2024. 
300 |a IX, 1353 páginas.  
490 |a Colección 2024. 
505 |a Anotaciones y concordancias. Indice temático. Títulos de artículos del cuerpo del Código y de las normas del apéndice 
583 |k GC  |c 20240319 
650 0 |a Derecho constitucional chileno  |9 478271 
650 0 |a Constitución política  |9 336925  |z Chile 
700 |a Martínez Estay, José Ignacio  |e autor  |9 602023 
942 |2 ddc  |c BK 
952 |0 0  |1 0  |2 ddc  |4 0  |6 342_830000000000000_BRO_2024  |7 0  |8 R  |9 593749  |a BIBDER  |b BIBDER  |d 2024-03-19  |e 31  |g 0.00  |i 5660439  |l 6  |m 2  |o 342.83 BRO 2024  |p 5660439  |q 2025-12-31  |r 2024-09-23  |s 2024-09-23  |t 1  |v 0.00  |w 2024-03-19  |y BK_R  |k DER 
952 |0 0  |1 0  |2 ddc  |4 0  |6 342_830000000000000_BRO_2024  |7 0  |8 R  |9 596147  |a BIBDER  |b BIBDER  |c RES  |d 2024-07-30  |e 22  |g 37500.00  |i 5662288  |l 1  |m 1  |o 342.83 BRO 2024  |p 5662288  |r 2025-04-02  |s 2024-08-08  |t 2  |v 37500.00  |w 2024-07-30  |y BK_R  |k DER